İNSANLARIN SIRRI (Record no. 679831)

MARC details
000 -LEADER
sabit uzunluktaki kontrol alanı 00247nam a2200097Ia 4500
001 - KONTROL NUMARASI
kontrol alanı 679831
005 - EN SON İŞLEMİN TARİH VE ZAMANI
kontrol alanı 20250826161330.0
008 - SABİT-UZUNLUKTA VERİ ÖĞELERİ--GENEL BİLGİ
sabit uzunluktaki kontrol alanı 250824s9999 xx 000 0 und d
245 #0 - ESER / YAZAR
ESER ADI İNSANLARIN SIRRI
Yazar Adı ANN NOLAN CLARK
260 ## - YAYIN, DAĞITIM, VB.
YAYIN EVİ GÜNIŞIĞI YAYINLARI

No items available.